| 000 | 01125nam a22003257a 4500 | ||
|---|---|---|---|
| 003 | CHAP | ||
| 005 | 20220329134011.0 | ||
| 008 | 971013s1981 r 00010 d | ||
| 010 | _a13860 | ||
| 011 | _a14832 | ||
| 035 | _a18906 | ||
| 040 | _cCHAP | ||
| 082 |
_a463 _bH3 |
||
| 100 | 0 | 0 |
_aHermesdorf, Rubén. _953749 |
| 245 | _aVocabulario básico | ||
| 260 |
_aChapingo, México : _bColegio de Potsgraduados. Centro de Estudios del Desarrollo Rural, _c1981 |
||
| 300 | _a183 p. | ||
| 590 |
_aBATCH-UPD _b10 _c20130110 _lUCH01 _h2049 |
||
| 590 |
_aBATCH-UPD _b10 _c20130410 _lUCH01 _h1402 |
||
| 590 |
_aBATCH-UPD _b10 _c20130914 _lUCH01 _h1333 |
||
| 590 |
_aCONVERSION _b10 _c20130109 _lUCH01 _h1309 |
||
| 650 | 1 | 4 |
_aEspañol _xDiccionarios. _937725 |
| 901 | _aBK | ||
| 942 | _cLIBRO | ||
| 949 |
_a463 H3 _bBC _cC _d-43915 _eC _fc.3 _h56354 _i18906 _mD _si |
||
| 949 |
_a463 H3 _bBC _cC _d-43916 _eC _fc.4 _h56355 _i18906 _mD _si |
||
| 949 |
_a463 H3 _bBC _cC _d33724000503306 _eC _fc.2 _h56353 _i18906 _mD _si |
||
| 949 |
_a463 H3 _bBC _cC _d33724000831947 _eC _h56352 _i18906 _mD _sb |
||
| 949 |
_a463 H3 _bBC _cUACH _d-43917 _eUACH _fc.5 _h56356 _i18906 _mD _si |
||
| 999 |
_c13860 _d13860 |
||